La política chilena en el Plata: Las negociaciones diplomáticas entre Chile y la República Argentina. La cuestión actual: Criterio de las más altas cumbres y del Divortium aquarum interoceánico. El hito de San Francisco. El Memorial del perito Barros Arana; refutación de las pretensiones chilenas. Con un apéndice que contiene la exposición y refutación del Doctor Bernardo de Irigoyen y varios mapas y planos
Uloženo v:
| Hlavní autor: | |
|---|---|
| Médium: | Kniha |
| Jazyk: | španělština |
| Vydáno: |
Buenos Aires
Arnold Moen
1895
|
| Vydání: | 1a. ed |
| Témata: | |
| Tagy: |
Přidat tag
Žádné tagy, Buďte první, kdo vytvoří štítek k tomuto záznamu!
|
MARC
| LEADER | 00000nam a2200000 a 4500 | ||
|---|---|---|---|
| 001 | UCJ5282 | ||
| 003 | CL-VaPUC | ||
| 008 | 070124e18950000AG |||||||||||||||||spa|d | ||
| 082 | 0 | 4 | |a 983 |b QUE |2 21 |
| 100 | 0 | |a Quesada, Ernesto |e author |9 510305 | |
| 245 | 1 | 3 | |a La política chilena en el Plata: Las negociaciones diplomáticas entre Chile y la República Argentina. La cuestión actual: Criterio de las más altas cumbres y del Divortium aquarum interoceánico. El hito de San Francisco. El Memorial del perito Barros Arana; refutación de las pretensiones chilenas. Con un apéndice que contiene la exposición y refutación del Doctor Bernardo de Irigoyen y varios mapas y planos |
| 250 | |a 1a. ed | ||
| 300 | |a 382 p | ||
| 942 | |c BK | ||
| 945 | |d 20070124 00:00:00 |a rinostro | ||
| 260 | |a Buenos Aires |b Arnold Moen |c 1895 | ||
| 500 | |a Fuera de texto, los siguientes mapas: 1§, Mapa de la provincia de Catamarca; 2§, Cordillera de Los Andes, perfil de la línea anticlinal entre los grados 24 y 28; 3§, Mapa de Chile [anterior a los Tratados y al Plebiscito de Tacna y Arica]; 4§, Corte de la cordillera a la altura del grado 27; 5§, Plano demostrativo de la incompatibilidad de los criterios chileno y argentino | ||
| 600 | 0 | |a Balmaceda Fernández, José Manuel, |d 1840-1891 |9 315369 | |
| 600 | 0 | |a Barros Arana, Diego |9 316241 | |
| 600 | 0 | 7 | |a IRIGOYEN, BERNARDO DE |2 CL-VaPUC |9 510306 |
| 650 | 0 | |a Límites con Argentina |9 504170 | |
| 650 | 0 | |a Presidentes de Chile |9 268293 | |
| 650 | 0 | |a Tratados internacionales |9 256056 | |
| 650 | 7 | |a DOCUMENTOS |2 CL-VaPUC |9 366450 | |
| 650 | 0 | |a Mapas |9 260844 | |
| 650 | 0 | |a Historia de Chile |9 265473 | |
| 651 | 0 | |a Argentina |9 254888 | |
| 651 | 7 | |a CHILE |2 CL-VaPUC |9 510307 | |
| 583 | |a last modification |c 20070124 00:00:00 |k Rodrigo Vera | ||
| 999 | |c 321392 |d 321390 | ||
| 952 | |0 0 |1 0 |4 0 |6 983_000000000000000_QUE_1895 |7 0 |8 X |9 400117 |a FDOBUD |b FDOBUD |d 2019-11-22 |i 1032372 |o 983 QUE 1895 |p 1032372 |r 2019-11-22 |w 2019-11-22 |y BK_X |k BUD | ||